Portugal e o descobrimento do Atlântico (Registo nº 4078)

Detalhes MARC
000 -Etiqueta do registo
Cabeçalho 00947cam a2200313 4500
005 - Identificador da versão
Campo de controlo 20240813122052.0
095 ## -
-- PTBN00267076
010 ## - Número internacional normalizado dos livros (ISBN)
Número (ISBN) 9722704265
021 ## - Número do Depósito Legal
Código do país PT
Número 41961/90
100 ## - Dados gerais de processamento
Dados gerais de processamento 19910305d1990 m y0pory5003 ba
102 ## - Pais de publicação ou produção
País de publicação Portugal
101 0# - Língua de publicação
Língua do texto, banda sonora, etc. Português
-- Inglês
105 ## - Campo de dados codificados: livros
Dados codificados dos livros abc z 001yy
215 ## - Descrição física 
Indicação específica da natureza do documento e extensão da espécie 117, [2] p.
Outras indicações físicas il.
Dimensões 24 cm
200 1# - Titulo e menção de responsabilidade
Título próprio Portugal e o descobrimento do Atlântico
Título paralelo Portugal and the discovery of the Atlantic
Primeira menção de responsabilidade Alfredo Pinheiro Marques
225 1# - Colecção 
Título próprio da colecção Temas portugueses
210 ## - Publicação, Distribuição, etc. 
Lugar da edição, distribuição, etc. [Lisboa]
Nome do editor, distribuidor, etc. Imp. Nac.-Casa da Moeda
Data da publicação, distribuição, etc. 1990
320 ## - Nota relativa a bibliografia e índices internos 
Texto da nota Bibliografia, p. 111-117
510 1# - Título paralelo
Título paralelo Portugal and the discovery of the Atlantic
Language of Title eng
607 ## - Nome geográfico usado como assunto
Número de registo de entrada de autoridade 0000626
Código do sistema SIPOR
Número de registo de entrada de autoridade 0000627
Código do sistema SIPOR
Número de registo de entrada de autoridade 0000628
Código do sistema SIPOR
675 ## - Classificação Decimal Universal (CDU)
Notação 946.98"1419/1420"
Edição BN
Língua da edição por
700 #1 - Nome de autor-pessoa física (responsabilidade principal)
Número de registo de entrada de autoridade 0000630
Palavra de ordem Marques
Outra parte do nome não tomada para palavra de ordem Alfredo Pinheiro
Datas 1956-
942 ## - Elementos de entrada adicionados (Koha)
Tipo de item no Koha Livro
Exemplares
Situação do levantamento Origin of item (home branch) (coded) Biblioteca de empréstimo Código de barras Cota Circulation type (not for loan) Tipo de documento Nota do exemplar Damaged status
  Biblioteca Escolar das Vendas Biblioteca Escolar das Vendas BEV935 9PT MAR   Livro Sem mensagem